Countries With Most Similar Population to All Neighbors - Statistics

General Stats
  • This quiz has been taken 27 times
  • The average score is 11 of 20
Answer Stats
Country % % Correct
Brazil 16.89%
85%
China 34.42%
81%
Dominican Republic 3.25%
77%
India 24.54%
77%
South Africa 4.62%
73%
Germany 51.45%
69%
Haiti 3.36%
69%
Italy 33.90%
69%
Turkey 55.93%
69%
Ethiopia 7.10%
65%
Spain 59.68%
62%
Sweden 5.24%
62%
Thailand 38.57%
54%
Algeria 59.56%
46%
Nicaragua 56.63%
46%
Yemen 4.31%
38%
Costa Rica 55.51%
35%
Ghana 47.29%
35%
Uzbekistan 59.01%
27%
Sierra Leone 57.66%
0%
No matching quizzes found
Score Distribution
Percent of People with Each Score
Percentile by Number Answered
Your Score History
You have not taken this quiz